Cayman Islands Electoral Districts (Map) - Statistics

General Stats
  • This quiz has been taken 38 times
  • The average score is 13 of 19
Answers on the Map
Answers color-coded by a green-red scale on the quiz's map according to % correct below.
 
Answer Stats
Elecotral Districts % Correct
East End
100%
North Side
83%
George Town Central
75%
George Town East
75%
George Town North
75%
George Town South
75%
George Town West
75%
West Bay Central
67%
West Bay North
67%
West Bay South
67%
West Bay West
67%
Bodden Town East
58%
Bodden Town West
58%
Newlands
58%
Prospect
58%
Red Bay
58%
Savannah
58%
Brac East
42%
Little Cayman and Brac West
42%
No matching quizzes found
Score Distribution
Percent of People with Each Score
Percentile by Number Answered
Your Score History
You have not taken this quiz